Guess the 5 Seconds of Summer song with no hints #14 5SOS - Statistics

General Stats
  • This quiz has been taken 60 times
  • The average score is 309 of 457
Answer Stats
Answer % Correct
a
100%
I
100%
you
95%
you?
95%
you,
95%
to
88%
me
86%
me,
86%
be
84%
we
84%
And
81%
Like
81%
like
81%
he
79%
the
79%
The
79%
your
79%
do
77%
in
77%
No,
77%
Are
74%
When
74%
when
74%
it
72%
It
72%
just
72%
so
72%
up
72%
how
70%
is
70%
my
70%
not
70%
that
70%
were
70%
hear
67%
on
67%
with
67%
at
65%
can
65%
Cause
65%
could
65%
day
65%
down
65%
dream
65%
face
65%
forget
65%
wake
65%
was
65%
what
65%
wish
65%
all
63%
amnesia
63%
did
63%
ever
63%
every
63%
fine
63%
fine?
63%
If
63%
I'm
63%
left
63%
lie?
63%
need
63%
of
63%
real,
63%
see
63%
them
63%
them,
63%
told
63%
kiss,
60%
know
60%
leavin'
60%
little
60%
never
60%
say
60%
things
60%
way
60%
you're
60%
It's
58%
make-up
58%
next
58%
remember
58%
right
58%
running
58%
some
58%
stupid
58%
tell
58%
Tell
58%
about
56%
behind,
56%
fall
56%
feel
56%
felt,
56%
felt
56%
had
56%
made
56%
though
56%
used
56%
why
56%
asleep
53%
beside
53%
by
53%
didn't
53%
doin'
53%
drove
53%
even
53%
feeling
53%
hurt
53%
last
53%
our
53%
out
53%
read
53%
says
53%
still
53%
friends
51%
single
51%
this
51%
yeah,
51%
dreams
49%
happy,
49%
he's
49%
long
49%
name
49%
thought
49%
wonder,
49%
words
49%
wrote
49%
alone
47%
away
47%
getting
47%
hang
47%
hard
47%
haven't
47%
I'll
47%
keep
47%
lonely,
47%
memories
47%
ones
47%
places
47%
really
47%
somewhere
47%
tasted
47%
those
47%
hold
44%
hurts
44%
I'd
44%
phone
44%
seen
44%
Sometimes
44%
than
44%
wasted
44%
you'd
44%
before
42%
escape
42%
happened,
42%
livin'
42%
moved
42%
admit
40%
around
40%
asking
40%
closer
40%
start
40%
they're
40%
twisted
40%
woke
40%
pictures
37%
sent
35%
slip
35%
today
30%
No matching quizzes found
Score Distribution
Percent of People with Each Score
Percentile by Number Answered
Your Score History
You have not taken this quiz